000 00740nam a2200217 a 4500
003 PILC
005 20151028115536.0
008 070911s19uu xx 00 eng d
020 _a4805307838
050 _aPE 1111
_b.H4724 1956
100 _aHayden, Rebecca E.
245 _aMastering american english :
_ba handbook + workbook of essentials /
_cRebecca E. Hayden, Dorothy W. Pilgrim, Aurora Quiros Haggard.
260 _aTokyo :
_bTuttle Publishing,
_c1998 (c1956)
300 _a260 p. :
_bill. ;
_c27 cm.
650 _aEnglish language
_xUnited States
_xGrammar.
650 _aEnglish language
_xUnited States
_xComposition.
700 _aPilgrim, Dorothy W.
700 _aHaggard, Aurora Quiros
942 _cBK
_2lcc
999 _c12785
_d12785